000
00277nam a22001217a 4500
020
_a
881596-7
082
_a
005.3 SCH
100
_a
SCHILDT, HERBERT
_9
57047
245
_a
TEACH YOURSELF C
260
_a
NEWYORK
_b
OSBORNE MCGRAW HILL
_c
1990
300
_a
680P
942
_c
BK
999
_c
570621
_d
570621